Statistiques concernant Personnages de BD de A à Z en images

Cliquez ici pour prendre le quiz!

Statistiques générales

  • Ce quiz a été pris 257 fois
    (59 depuis la dernière actualisation)
  • Le résultat moyen est 9 sur 26

Statistiques - réponses

Réponse% Correct
Idéfix
98%
Kid Paddle
83%
Fantasio
79%
William Dalton
76%
Lou
72%
Caroline
66%
Johan
43%
Dumbo
41%
Rahan
41%
Papyrus
28%
Tamara
28%
Quick
24%
Scrameustache
22%
XIII
22%
Yoko Tsuno
22%
Blutch
17%
Ulysse
17%
Neness
14%
Vicky
14%
Masseur
12%
Zorrino
12%
Églantine
9%
Hydromel
3%
Ondine
3%
Alexia
2%
Gretchen
2%

Distribution des résultats

Percentile par nombre de réponses

% des personnes avec chaque résultat

Votre développement - résultats

Vous n’avez pas pris ce quiz depuis la dernière actualisation